Statistics for Guess the punk band

Click here to take the quiz!

General Stats

  • This quiz has been taken 62 times
  • The average score is 5 of 9

Answer Stats

Answer% Correct
Sex Pistols
92%
Ramones
86%
The Clash
82%
Green Day
78%
Dead Kennedys
59%
Minor Threat
43%
Bad Religion
37%
Buzzcocks
31%
Iggy and the Stooges/ The Stooges
22%

Score Distribution

Percentile by Number Answered

Percent of People with Each Score

Your Score History

You have not taken this quiz